Súťaží čím ďalej, tým väčšia konkurencia

Mesačník Logistika a vydavateľstvo Economia vyhásilo výsledky súťaže Impuls Logistika v štyroch kategóriách: Top logistický projekt, Top logistický produkt, Top logistická služba a Eco-Eco (ekologicky aj ekonomicky). Víťazné projekty: 1., 2., a 3. miesto v jednotlivých disciplínach.

Enregistré dans:
Détails bibliographiques
Auteur principal: Hubička, Filip
Format: Chapitre de livre
Langue:tchèque
Sujets:
Tags: Ajouter un tag
Pas de tags, Soyez le premier à ajouter un tag!

MARC

LEADER 00000naa a2200000 4500
001 0282010
005 20240417075154.1
041 0 |a cze 
044 |a CZ 
245 1 0 |a Súťaží čím ďalej, tým väčšia konkurencia  |c Filip Hubička 
520 |a Mesačník Logistika a vydavateľstvo Economia vyhásilo výsledky súťaže Impuls Logistika v štyroch kategóriách: Top logistický projekt, Top logistický produkt, Top logistická služba a Eco-Eco (ekologicky aj ekonomicky). Víťazné projekty: 1., 2., a 3. miesto v jednotlivých disciplínach. 
610 2 0 |a súťaže 
610 2 0 |a konkurencia 
610 2 0 |a ceny 
610 2 0 |a produktivita 
610 2 0 |a služby 
610 2 0 |a projekty 
610 2 0 |a ekológia 
610 2 0 |a ekonómia 
610 2 0 |a logistika 
100 1 |a Hubička, Filip